Statistics for Top 25 Countries with the largest Consumer Spend.

Click here to take the quiz!

General Stats

  • This quiz has been taken 22 times
  • The average score is 23 of 25

Answer Stats

HFCE in Millions (USD$)Answer% Correct
289,462Argentina
100%
1,194,670Brazil
100%
1,003,438Canada
100%
5,352,545China
100%
1,458,961France
100%
2,022,746Germany
100%
1,729,560India
100%
1,205,038Italy
100%
2,756,919Japan
100%
433,021Turkey
100%
1,835,014United Kingdom
100%
773,698Australia
95%
753,475Mexico
95%
856,329Russia
95%
799,084Spain
95%
16,902,980America
90%
648,924Indonesia
90%
397,259Netherlands
90%
339,308Poland
90%
308,752Saudi Arabia
90%
799,470South Korea
90%
272,218Belgium
85%
373,548Switzerland
85%
304,975Nigeria
65%
275,855Philippines
50%

Score Distribution

Percentile by Number Answered

Percent of People with Each Score

Your Score History

You have not taken this quiz